[Event "Elit(Astorp-LASK)"]
[Site "?"]
[Date "2006.11.18"]
[Round "4"]
[White "Fagerstrom, Bjorn"]
[Black "Smith, Axel"]
[Result "1/2-1/2"]
[WhiteElo "2217"]
[BlackElo "2319"]
[PlyCount "37"]
[EventDate "2006.??.??"]

1. e4 e6 2. d4 d5 3. Nd2 Be7 4. Bd3 c5 5. dxc5 Nd7 6. exd5 exd5 7. Nb3 Nxc5 8.
Nxc5 Bxc5 9. Ne2 Nf6 10. O-O O-O 11. Bg5 h6 12. Bh4 Bd7 13. Nc3 Bc6 14. Qf3 Be7
15. Qf5 Bd7 16. Qe5 Bc6 17. Qf5 Bd7 18. Qe5 Bc6 19. Qf5 1/2-1/2

[Event "Elit(Limhamn-Skara)"]
[Site "?"]
[Date "2006.11.18"]
[Round "4"]
[White "Hillarp Persson, Tiger"]
[Black "Brynell, Stellan"]
[Result "1/2-1/2"]
[WhiteElo "2600"]
[BlackElo "2624"]
[PlyCount "111"]
[EventDate "2006.??.??"]
[SourceDate "2006.11.27"]

1. d4 d5 2. c4 e6 3. Nc3 c5 4. cxd5 exd5 5. Nf3 Nc6 6. e3 Nf6 7. Bb5 Bd6 8. O-O
O-O 9. dxc5 Bxc5 10. b3 Bg4 11. Bb2 Rc8 12. Rc1 Qd6 13. Na4 Ba3 14. Bxa3 Qxa3
15. Bxc6 Bxf3 16. gxf3 Rxc6 17. Rxc6 bxc6 18. Qc2 c5 19. Rd1 h6 20. Rd3 d4 21.
Qxc5 Qxa2 22. Qxd4 Qb1+ 23. Kg2 Rc8 24. Nc3 Qxb3 25. Ne4 Qe6 26. Nxf6+ Qxf6 27.
Qxf6 gxf6 28. Ra3 Rc7 29. Ra6 Kg7 30. Kg3 Kg6 31. e4 Re7 32. Kg4 Kg7 33. h4 Kg6
34. Kg3 Kg7 35. Kf4 Rb7 36. Kg4 Re7 37. h5 Re5 38. Rxa7 Rg5+ 39. Kh4 Rg2 40.
Ra2 Rg1 41. f4 f5 42. f3 Rh1+ 43. Kg3 fxe4 44. fxe4 Rxh5 45. e5 Rh1 46. Kg4 Rb1
47. Ra7 Re1 48. Kf5 Re2 49. Ra1 Rg2 50. Rb1 Ra2 51. Rg1+ Kf8 52. Kg4 Ra4 53.
Rg3 Rb4 54. Rd3 Ra4 55. Kf3 f6 56. exf6 1/2-1/2

[Event "Elit(Limhamn-Skara)"]
[Site "?"]
[Date "2006.11.18"]
[Round "4"]
[White "Eklund, Lars-Goran"]
[Black "Jepson, Christian"]
[Result "1/2-1/2"]
[WhiteElo "2374"]
[BlackElo "2454"]
[PlyCount "42"]
[EventDate "2006.??.??"]

1. Nf3 Nf6 2. c4 e6 3. Nc3 Bb4 4. g4 h6 5. Qc2 d6 6. d4 Nbd7 7. Bd2 b6 8. Rg1
Bb7 9. O-O-O Bxc3 10. Bxc3 Ne4 11. Be1 Qe7 12. Bg2 Nef6 13. Nd2 Bxg2 14. Rxg2
c5 15. dxc5 Nxc5 16. h4 O-O-O 17. Nb3 Nxb3+ 18. Qxb3 Qc7 19. Kb1 Ne4 20. Qc2
Qc6 21. f3 Nc5 1/2-1/2

[Event "Elit(Limhamn-Skara)"]
[Site "?"]
[Date "2006.11.18"]
[Round "4"]
[White "Penalver, Osmani"]
[Black "Friberg, Hans"]
[Result "1-0"]
[WhiteElo "2232"]
[BlackElo "2256"]
[PlyCount "81"]
[EventDate "2006.??.??"]

1. d4 e6 2. c4 d5 3. Nc3 c5 4. cxd5 exd5 5. Nf3 Nc6 6. g3 Nf6 7. Bg2 Be7 8. O-O
O-O 9. Bg5 cxd4 10. Nxd4 h6 11. Be3 Re8 12. Rc1 Bf8 13. h3 Be6 14. Kh2 Ne5 15.
Nxe6 fxe6 16. Qb3 b6 17. Bd4 Nfd7 18. Rfd1 Nc5 19. Qc2 Nc6 20. Bxc5 bxc5 21.
Rxd5 Qf6 22. Ne4 Qf7 23. Rd2 Nb4 24. Qc4 Rac8 25. Rcd1 Nd5 26. Kg1 Kh8 27. a3
Qc7 28. Rc2 Be7 29. Nd2 Qe5 30. Qe4 Qf6 31. Nc4 Rf8 32. e3 Rb8 33. Ne5 Rfc8 34.
Nd7 Qf7 35. Nxb8 Rxb8 36. Qe5 Rd8 37. Bxd5 exd5 38. Qc7 Qe6 39. Rxc5 Rd7 40.
Qc8+ Kh7 41. Rc7 1-0

[Event "Elit(Limhamn-Skara)"]
[Site "?"]
[Date "2006.11.18"]
[Round "4"]
[White "Andersson, Goran"]
[Black "Holst, Conny"]
[Result "1-0"]
[WhiteElo "2217"]
[BlackElo "2241"]
[PlyCount "117"]
[EventDate "2006.??.??"]

1. e4 c5 2. Nf3 d6 3. d4 cxd4 4. Nxd4 Nf6 5. Nc3 a6 6. Be3 e5 7. Nb3 Be6 8. f3
Nbd7 9. g4 Nb6 10. g5 Nfd7 11. Qd2 Be7 12. O-O-O O-O 13. h4 Rc8 14. Kb1 Nc4 15.
Bxc4 Rxc4 16. Nd5 Bxd5 17. Qxd5 b5 18. Nd2 Rc8 19. f4 exf4 20. Bxf4 Qc7 21. c3
Nb6 22. Qd3 Qc6 23. Nf3 Rfe8 24. Rhe1 Rcd8 25. Nd4 Qc4 26. Qxc4 Nxc4 27. Nc6
Rc8 28. Nxe7+ Rxe7 29. Bxd6 Re6 30. Bf4 Kf8 31. b3 Ne5 32. Bxe5 Rxe5 33. Kc2
Ke7 34. Rd4 Re6 35. a4 h6 36. axb5 axb5 37. Rd5 hxg5 38. hxg5 b4 39. c4 Rh8 40.
Kd3 Rh2 41. c5 Ra6 42. Kc4 Ra8 43. Re5+ Kf8 44. Rc1 f6 45. gxf6 gxf6 46. Re6
Kf7 47. Rb6 Rh4 48. Kxb4 Rxe4+ 49. Rc4 Re5 50. c6 Rc8 51. Rc5 Re3 52. Kc4 Ke6
53. b4 Re1 54. Kb5 Re4 55. c7+ Ke7 56. Kc6 Rd4 57. Kb7 Kd7 58. b5 f5 59. Rh6
1-0

[Event "Elit(Limhamn-Skara)"]
[Site "?"]
[Date "2006.11.18"]
[Round "4"]
[White "Andersson, Christin"]
[Black "Jacobsson, Erik"]
[Result "1-0"]
[WhiteElo "2315"]
[BlackElo "2142"]
[PlyCount "79"]
[EventDate "2006.??.??"]

1. e4 c5 2. Nf3 Nc6 3. c3 d5 4. exd5 Qxd5 5. d4 Nf6 6. dxc5 Qxc5 7. Be3 Qh5 8.
Na3 a6 9. Be2 Bg4 10. Qa4 Qa5 11. Qxa5 Nxa5 12. O-O-O e6 13. Nc2 Nc6 14. h3 Bh5
15. Rhe1 Be7 16. Ncd4 Nxd4 17. Bxd4 O-O 18. g4 Bg6 19. Bc4 Rac8 20. Bb3 Bc5 21.
Ne5 Rfe8 22. h4 Bxd4 23. Rxd4 Rcd8 24. Rxd8 Rxd8 25. h5 Nxh5 26. Nxg6 hxg6 27.
gxh5 gxh5 28. Bd1 g6 29. Bf3 b6 30. Rd1 Rb8 31. Rd7 a5 32. Rb7 Rc8 33. Rxb6 Rc5
34. Kd2 h4 35. b4 axb4 36. cxb4 Rf5 37. Ke2 h3 38. a4 h2 39. Bh1 Rg5 40. a5 1-0

[Event "Elit(Limhamn-Skara)"]
[Site "?"]
[Date "2006.11.18"]
[Round "4"]
[White "Johansson, Olle"]
[Black "Tadjerbashi, Amir"]
[Result "0-1"]
[WhiteElo "1748"]
[BlackElo "2199"]
[PlyCount "80"]
[EventDate "2006.??.??"]

1. d4 d5 2. c4 c6 3. Nf3 Nf6 4. Nc3 e6 5. Bg5 dxc4 6. e4 b5 7. e5 h6 8. Bh4 g5
9. Nxg5 hxg5 10. Bxg5 Nbd7 11. g3 Bb7 12. Bg2 Qb6 13. exf6 O-O-O 14. O-O c5 15.
d5 b4 16. Na4 Qb5 17. a3 exd5 18. axb4 d4 19. Bxb7+ Kxb7 20. Qf3+ Qc6 21. Nxc5+
Bxc5 22. Qxc6+ Kxc6 23. bxc5 Nxc5 24. Rxa7 Rd7 25. Rxd7 Nxd7 26. Re1 Rb8 27.
Re7 Rxb2 28. Rxf7 Ne5 29. Rg7 Nf3+ 30. Kg2 Nxg5 31. Rxg5 Rb8 32. Ra5 c3 33. Ra1
c2 34. Rc1 d3 35. Kf3 Kd6 36. Ke3 Rb1 37. Kd2 Ke6 38. f4 Kxf6 39. g4 Kg6 40. h4
Kg7 0-1

[Event "Elit(Wasa-Sollentuna)"]
[Site "?"]
[Date "2006.11.19"]
[Round "5"]
[White "Lindberg, Bo"]
[Black "von Bahr, Oskar"]
[Result "0-1"]
[WhiteElo "2519"]
[BlackElo "2382"]
[PlyCount "78"]
[EventDate "2006.11.27"]
[SourceDate "2006.11.28"]

1. d4 Nf6 2. Bg5 Ne4 3. Bf4 d5 4. f3 Nf6 5. e4 dxe4 6. Nc3 exf3 7. Nxf3 g6 8.
Qd2 Bg7 9. Bc4 O-O 10. Qf2 c5 11. d5 Qb6 12. O-O-O Ne4 13. Qe3 Nxc3 14. bxc3
Bg4 15. Rdf1 Nd7 16. h3 Bxf3 17. Rxf3 Qa5 18. d6 Nb6 19. Qd3 exd6 20. Rhf1 Qa3+
21. Kd2 d5 22. Bxd5 c4 23. Bd6 Bh6+ 24. Ke1 cxd3 25. Bxa3 Rfe8+ 26. Kf2 Nxd5
27. Rxd3 Ne3 28. Bc1 Nf5 29. g4 Bxc1 30. Rxc1 Ng7 31. Rd7 b6 32. Rcd1 Ne6 33.
Rb7 Nc5 34. Rc7 Kf8 35. Kf3 Re7 36. Rc6 Rae8 37. Kf4 Re4+ 38. Kg5 Kg7 39. Rcd6
Rc4 0-1

[Event "Elit(Wasa-Sollentuna)"]
[Site "?"]
[Date "2006.11.19"]
[Round "5"]
[White "Hellborg, Teodor"]
[Black "Berg, Emanuel"]
[Result "0-1"]
[WhiteElo "2379"]
[BlackElo "2667"]
[PlyCount "50"]
[EventDate "2006.??.??"]

1. d4 e6 2. c4 Nf6 3. Nc3 Bb4 4. Bd2 d5 5. Qa4+ Nc6 6. Nf3 Bd7 7. Qb3 dxc4 8.
Qxc4 O-O 9. a3 Bd6 10. Bg5 h6 11. Bh4 Re8 12. Rd1 e5 13. d5 Na5 14. Qa2 e4 15.
Nd4 e3 16. fxe3 Rxe3 17. Nc2 Rxc3 18. bxc3 g5 19. Bg3 Ne4 20. Rd3 Bb5 21. Bxd6
Qxd6 22. Qb2 a6 23. Qb4 Qf4 24. Ne3 Bxd3 25. Qd4 Nc4 0-1

[Event "Elit(Wasa-Sollentuna)"]
[Site "?"]
[Date "2006.11.19"]
[Round "5"]
[White "Dzevlan, Miralem"]
[Black "Wedberg, Tom"]
[Result "0-1"]
[WhiteElo "2453"]
[BlackElo "2539"]
[PlyCount "56"]
[EventDate "2006.??.??"]

1. d4 Nf6 2. c4 e6 3. Nf3 c5 4. d5 d6 5. Nc3 exd5 6. cxd5 g6 7. e4 a6 8. a4 Bg4
9. Qb3 Bxf3 10. Qxb7 Nbd7 11. gxf3 Bg7 12. Qb3 O-O 13. Be2 Nh5 14. f4 Qh4 15.
Bxh5 Qxh5 16. Ne2 Rfe8 17. Ng3 Qh3 18. Qc4 Nb6 19. Qf1 Qh4 20. Qd3 c4 21. Qf3
Qh3 22. Be3 Rab8 23. Ra2 Nd7 24. Ke2 Bxb2 25. Nf1 Qh4 26. Nd2 Rec8 27. Re1 c3
28. Nf1 Qf6 0-1

[Event "Elit(Wasa-Sollentuna)"]
[Site "?"]
[Date "2006.11.19"]
[Round "5"]
[White "Lyrberg, Patrik"]
[Black "Ernst, Thomas"]
[Result "1/2-1/2"]
[WhiteElo "2534"]
[BlackElo "2508"]
[PlyCount "31"]
[EventDate "2006.??.??"]

1. Nf3 c5 2. c4 Nc6 3. g3 e5 4. Nc3 g6 5. Bg2 Bg7 6. O-O d6 7. a3 a5 8. Rb1
Nge7 9. Nd5 O-O 10. d3 Rb8 11. Bg5 f6 12. Bd2 Bd7 13. b4 axb4 14. Nxe7+ Qxe7
15. axb4 cxb4 16. Bxb4 1/2-1/2

[Event "Elit(Wasa-Sollentuna)"]
[Site "?"]
[Date "2006.11.19"]
[Round "5"]
[White "Andersson, Fredrik"]
[Black "Berkell, Peder"]
[Result "1/2-1/2"]
[WhiteElo "2344"]
[BlackElo "2217"]
[PlyCount "38"]
[EventDate "2006.??.??"]

1. e4 e5 2. Nf3 Nc6 3. Bb5 Nf6 4. O-O Nxe4 5. d4 Nd6 6. Bxc6 dxc6 7. dxe5 Nf5
8. Qxd8+ Kxd8 9. Nc3 Be6 10. Rd1+ Ke8 11. Ne2 Bd5 12. Ne1 h6 13. b3 a5 14. a4
Be6 15. Nf4 Bb4 16. Nxe6 fxe6 17. Bb2 Bxe1 18. Rxe1 g5 19. Rad1 c5 1/2-1/2

[Event "Elit(Wasa-Sollentuna)"]
[Site "?"]
[Date "2006.11.19"]
[Round "5"]
[White "Hallerod, Ralph"]
[Black "Azizi, Haroon"]
[Result "0-1"]
[WhiteElo "2150"]
[BlackElo "2177"]
[PlyCount "150"]
[EventDate "2006.??.??"]

1. d4 d5 2. c4 Nc6 3. Nf3 Bg4 4. cxd5 Bxf3 5. dxc6 Bxc6 6. Nc3 Nf6 7. f3 e5 8.
dxe5 Qxd1+ 9. Nxd1 Nd7 10. Bf4 O-O-O 11. e3 Bb4+ 12. Kf2 Rhe8 13. a3 Bf8 14.
Bg5 Be7 15. Bf4 Bf8 16. Bc4 Nxe5 17. Bxe5 Rxe5 18. Re1 f5 19. b4 a5 20. Rb1
axb4 21. axb4 Rd2+ 22. Re2 Bxb4 23. Nb2 Rxe2+ 24. Kxe2 Bc5 25. Nd1 Ba4 26. Bb3
Bb5+ 27. Kd2 Bb4+ 28. Kc2 Rc5+ 29. Kb2 Bd3 30. Ra1 Be2 31. Ra8+ Kd7 32. Rg8
Bxd1 33. Bxd1 Bc3+ 34. Kb3 Bf6 35. e4 Rc3+ 36. Kb4 f4 37. Rb8 c5+ 38. Kb5 Kc7
39. Re8 Rd3 40. Ba4 Rd4 41. e5 b6 42. Bc2 Kd7 43. Rb8 Rb4+ 44. Ka6 Bxe5 45.
Rxb6 h6 46. Rxb4 cxb4 47. Kb5 Bc3 48. Kc4 Kd6 49. Bf5 Ke5 50. Bc8 Be1 51. Bd7
g5 52. Bg4 b3 53. Kxb3 Kd4 54. Kc2 Ke3 55. Kd1 Bh4 56. Bh3 Kf2 57. Kd2 Kg1 58.
Ke2 Bf2 59. Bg4 Kxg2 60. h3 Ba7 61. Be6 h5 62. Bd7 Bc5 63. Be6 g4 64. fxg4 f3+
65. Kd2 h4 66. g5 f2 67. Bc4 f1=Q 68. Bxf1+ Kxf1 69. g6 Bf8 70. Ke3 Kg2 71. Ke2
Bg7 72. Ke1 Bb2 73. Ke2 Bd4 74. Ke1 Kxh3 75. Kf1 Kh2 0-1

[Event "Elit(Wasa-Sollentuna)"]
[Site "?"]
[Date "2006.11.19"]
[Round "5"]
[White "Agrest, Inna"]
[Black "Astrom, Goran"]
[Result "1/2-1/2"]
[WhiteElo "2023"]
[BlackElo "2338"]
[PlyCount "102"]
[EventDate "2006.??.??"]

1. e4 c5 2. c3 d5 3. exd5 Qxd5 4. d4 e6 5. Nf3 Nf6 6. Bd3 Nc6 7. a3 b6 8. O-O
Be7 9. Be3 Bb7 10. Qe2 O-O 11. Rd1 cxd4 12. cxd4 Rac8 13. Nc3 Qh5 14. Rac1 Nb8
15. Bb1 Bxf3 16. Qxf3 Qxf3 17. gxf3 Rfd8 18. d5 Nxd5 19. Nxd5 exd5 20. Rxc8
Rxc8 21. Rxd5 Rd8 22. Rxd8+ Bxd8 23. Be4 Nd7 24. Bf4 Nc5 25. Bc2 Ne6 26. Bb8 a6
27. Be5 Bc7 28. Bxc7 Nxc7 29. Bd3 Kf8 30. Kg2 Ke7 31. Kg3 a5 32. h4 h6 33. Bc4
Ne6 34. Kg4 Kf6 35. f4 g6 36. Kf3 Nc5 37. Ke3 Ne6 38. Ke4 Nc7 39. a4 Ke7 40. f5
g5 41. hxg5 hxg5 42. f4 gxf4 43. Kxf4 f6 44. Ke4 Kd7 45. Kd3 Kc6 46. Kd4 Kd6
47. b3 Kc6 48. Bd3 Kd7 49. Be2 Ke7 50. Bd3 Kd6 51. Bc4 Kc6 1/2-1/2

[Event "Elit(Wasa-Sollentuna)"]
[Site "?"]
[Date "2006.11.19"]
[Round "5"]
[White "Collett, Peter"]
[Black "Luna, Gustavo"]
[Result "1/2-1/2"]
[WhiteElo "2225"]
[BlackElo "2193"]
[PlyCount "47"]
[EventDate "2006.??.??"]

1. d4 Nf6 2. c4 e6 3. Nc3 d5 4. cxd5 exd5 5. Bg5 c6 6. e3 Nbd7 7. Bd3 Bd6 8.
Qc2 h6 9. Bh4 O-O 10. Nge2 Re8 11. h3 Qa5 12. O-O-O Ne4 13. Nxe4 dxe4 14. Bxe4
Nb6 15. Nc3 Be6 16. g4 Bxa2 17. Nxa2 Qxa2 18. f3 Nc4 19. Rd3 a5 20. Qb1 Qa4 21.
Qc2 Qa1+ 22. Qb1 Qa4 23. Qc2 Qa1+ 24. Qb1 1/2-1/2

[Event "Elit(Vasteras-Rockaden, Sthlm)"]
[Site "?"]
[Date "2006.11.19"]
[Round "5"]
[White "Karlsson, Lars"]
[Black "Eriksson, Johan"]
[Result "1-0"]
[WhiteElo "2531"]
[BlackElo "2447"]
[PlyCount "53"]
[EventDate "2006.??.??"]
[SourceDate "2006.11.28"]

1. c4 c5 2. Nc3 b6 3. e4 Bb7 4. g3 g6 5. Bg2 Bg7 6. f4 Bxc3 7. bxc3 f5 8. d3
fxe4 9. dxe4 Nc6 10. h4 Qc7 11. h5 g5 12. Nf3 h6 13. e5 O-O-O 14. Qe2 d6 15.
O-O g4 16. Nh4 dxe5 17. Ng6 Rh7 18. fxe5 e6 19. Qxg4 Nge7 20. Qxe6+ Kb8 21. Bf4
Na5 22. Rad1 Bxg2 23. Rxd8+ Qxd8 24. Kxg2 Nc8 25. Qd5 Nb7 26. e6+ Ka8 27. Be5
1-0

[Event "Elit(Vasteras-Rockaden, Sthlm)"]
[Site "?"]
[Date "2006.11.19"]
[Round "5"]
[White "Eriksson, Jonas"]
[Black "Hermansson, Emil"]
[Result "0-1"]
[WhiteElo "2365"]
[BlackElo "2517"]
[PlyCount "72"]
[EventDate "2006.??.??"]

1. d4 Nf6 2. Nf3 d5 3. c4 e6 4. Nc3 c6 5. e3 Nbd7 6. Qc2 Bd6 7. g4 dxc4 8. g5
Nd5 9. Bxc4 e5 10. Ne4 Bc7 11. Bd2 O-O 12. Rg1 exd4 13. Nxd4 Ne5 14. Be2 Bb6
15. Nf3 Re8 16. Nxe5 Rxe5 17. Bg4 Qe7 18. Nf6+ Nxf6 19. gxf6 Qxf6 20. Bc3 Bxg4
21. Bxe5 Qf3 22. h3 Qxh3 23. Qe4 h5 24. Rh1 Qf3 25. Qxf3 Bxf3 26. Rg1 Bg4 27.
Rg3 Re8 28. Bc3 f5 29. Rd1 f4 30. Rxg4 hxg4 31. Rd7 fxe3 32. fxe3 Rxe3+ 33. Kd2
Rxc3 34. Kxc3 g3 35. Rd2 Bf2 36. Rd8+ Kh7 0-1

[Event "Elit(Vasteras-Rockaden, Sthlm)"]
[Site "?"]
[Date "2006.11.19"]
[Round "5"]
[White "Bator, Robert"]
[Black "Norberg, Johan"]
[Result "1/2-1/2"]
[WhiteElo "2445"]
[BlackElo "2357"]
[PlyCount "27"]
[EventDate "2006.??.??"]

1. d4 d6 2. Nf3 g6 3. g3 Bg7 4. Bg2 Nd7 5. O-O e5 6. e4 Ngf6 7. Re1 O-O 8. h3
a6 9. a4 exd4 10. Nxd4 Re8 11. Nc3 Rb8 12. a5 Ne5 13. f4 Nc6 14. Nf3 1/2-1/2

[Event "Elit(Vasteras-Rockaden, Sthlm)"]
[Site "?"]
[Date "2006.11.19"]
[Round "5"]
[White "Eriksson, Anders"]
[Black "Olsson, Anders"]
[Result "0-1"]
[WhiteElo "2366"]
[BlackElo "2488"]
[PlyCount "110"]
[EventDate "2006.??.??"]

1. Nf3 Nf6 2. c4 g6 3. Nc3 Bg7 4. d4 d6 5. Bg5 Nbd7 6. e3 O-O 7. Qc2 c5 8. d5
a6 9. a4 h6 10. Bh4 g5 11. Bg3 Nh5 12. Bd3 Ndf6 13. O-O e6 14. dxe6 fxe6 15.
Rad1 Nxg3 16. hxg3 Qc7 17. Rd2 Bd7 18. Ne4 Nxe4 19. Bxe4 Rad8 20. Rfd1 Be8 21.
Nh2 b5 22. axb5 axb5 23. b3 bxc4 24. bxc4 Kh8 25. f4 gxf4 26. gxf4 Qe7 27. Ng4
Bh5 28. Bf3 Bxg4 29. Bxg4 d5 30. g3 d4 31. exd4 Bxd4+ 32. Kh2 Rg8 33. Bh3 e5
34. Qe4 Qg7 35. Rg2 exf4 36. gxf4 Qf6 37. Rd3 Rxg2+ 38. Kxg2 Rf8 39. Rf3 Qh4
40. Be6 Rb8 41. Bh3 Rg8+ 42. Kh2 Qh5 43. Rg3 Re8 44. Qg6 Re2+ 45. Kh1 Re1+ 46.
Kh2 Bg1+ 47. Kh1 Bf2+ 48. Kh2 Bxg3+ 49. Qxg3 Re2+ 50. Kg1 Qe8 51. Qc3+ Kg8 52.
Qg3+ Kf8 53. Qh4 Qe3+ 54. Kf1 Qf3+ 55. Kg1 Kg7 0-1

[Event "Elit(Vasteras-Rockaden, Sthlm)"]
[Site "?"]
[Date "2006.11.19"]
[Round "5"]
[White "Livner, Anders"]
[Black "Nilsson, Andre"]
[Result "0-1"]
[WhiteElo "2374"]
[BlackElo "2294"]
[PlyCount "68"]
[EventDate "2006.??.??"]

1. d4 g6 2. c4 Bg7 3. g3 Nf6 4. Bg2 O-O 5. Nc3 d6 6. Nf3 Nbd7 7. O-O e5 8. e4
exd4 9. Nxd4 Re8 10. h3 a6 11. Rb1 Rb8 12. b3 Qe7 13. Re1 c5 14. Nc2 b5 15.
cxb5 axb5 16. b4 Ba6 17. Ne3 c4 18. f4 Nb6 19. Bb2 Qd7 20. Qc2 Rbd8 21. Rbd1
Qa7 22. Kh2 Qb8 23. Ba1 h5 24. Qf2 Bb7 25. Nc2 Na4 26. Nxa4 bxa4 27. e5 dxe5
28. Rxd8 Rxd8 29. fxe5 Ne8 30. e6 fxe6 31. Rxe6 Bxg2 32. Qxg2 c3 33. Qe4 Rd2+
34. Kh1 Qxg3 0-1

[Event "Elit(Vasteras-Rockaden, Sthlm)"]
[Site "?"]
[Date "2006.11.19"]
[Round "5"]
[White "Norberg, Erik"]
[Black "Engqvist, Thomas"]
[Result "0-1"]
[WhiteElo "2268"]
[BlackElo "2405"]
[PlyCount "116"]
[EventDate "2006.??.??"]

1. g3 d5 2. Bg2 Nf6 3. Nf3 c6 4. b3 Bg4 5. Bb2 Nbd7 6. d3 a5 7. O-O a4 8. c4 e6
9. bxa4 dxc4 10. dxc4 Bxf3 11. Bxf3 Nc5 12. Nc3 Qxd1 13. Rfxd1 Nfd7 14. Rab1
Kd8 15. Ne4 Kc7 16. Nxc5 Nxc5 17. Be5+ Kc8 18. Rd2 f6 19. Bf4 Be7 20. Rdb2 Rd8
21. Be3 Rd7 22. Bf4 Bd6 23. Be3 Rxa4 24. Rc2 Na6 25. c5 Be7 26. h4 Ra5 27. Rbc1
Nb4 28. Rb2 Nd5 29. Bxd5 Rxd5 30. Rcb1 Ra7 31. Rc2 f5 32. Kg2 e5 33. Kf3 Ra5
34. Rcb2 Rd7 35. Rc2 Kb8 36. g4 f4 37. Bd2 Rxc5 38. Rxc5 Bxc5 39. Bc3 Bd4 40.
Rd1 c5 41. Bxd4 Rxd4 42. Rc1 b6 43. e3 Ra4 44. exf4 Rxf4+ 45. Kg3 Kc7 46. Re1
Kd6 47. Rb1 Kc6 48. Re1 Kd5 49. Rb1 Rb4 50. Rd1+ Rd4 51. Rb1 Rd3+ 52. Kg2 Kc6
53. Re1 Rd5 54. Kf3 b5 55. g5 c4 56. h5 b4 57. Ke3 Rd4 58. Kf3 Kd5 0-1

[Event "Elit(Vasteras-Rockaden, Sthlm)"]
[Site "?"]
[Date "2006.11.19"]
[Round "5"]
[White "Blomqvist, Erik"]
[Black "Kimari, Patrick"]
[Result "1-0"]
[WhiteElo "2314"]
[BlackElo "2191"]
[PlyCount "41"]
[EventDate "2006.??.??"]

1. e4 c5 2. Nf3 Nc6 3. d4 cxd4 4. Nxd4 e5 5. Nb5 d6 6. N1c3 a6 7. Na3 b5 8. Nd5
Nge7 9. c4 Nd4 10. cxb5 Nxd5 11. exd5 Bd7 12. Be3 Be7 13. Bxd4 exd4 14. Bd3 O-O
15. O-O Qb6 16. Qe2 Bf6 17. bxa6 Bc8 18. Nc4 Qc5 19. b4 Qxb4 20. Rab1 Qc5 21.
Nb6 1-0

[Event "Elit(Vasteras-Rockaden, Sthlm)"]
[Site "?"]
[Date "2006.11.19"]
[Round "5"]
[White "Herrstrom, Tony"]
[Black "Zadruzny, Nicolaj"]
[Result "0-1"]
[WhiteElo "2222"]
[BlackElo "2326"]
[PlyCount "96"]
[EventDate "2006.??.??"]

1. e4 c5 2. d4 cxd4 3. c3 Nf6 4. e5 Nd5 5. Nf3 e6 6. Qxd4 Nc6 7. Qe4 f5 8. exf6
Nxf6 9. Qh4 e5 10. Bg5 d5 11. Bb5 Bd6 12. O-O O-O 13. c4 d4 14. c5 Bxc5 15.
Bc4+ Kh8 16. Bd3 Qc7 17. Nbd2 Bd6 18. Rac1 Be6 19. Rfe1 Qd7 20. Bxf6 gxf6 21.
Ne4 f5 22. Nxd6 Qxd6 23. Qh6 Rad8 24. Nh4 Bc8 25. Qh5 e4 26. Rxe4 fxe4 27. Bxe4
Rd7 28. Ng6+ Kg8 29. Nxf8 Qxf8 30. Rc5 Rg7 31. Rg5 Qf7 32. Bxh7+ Kf8 33. Bg6
Qe7 34. h4 Be6 35. Qh8+ Rg8 36. Qh6+ Qg7 37. Qh5 Qf6 38. Rg3 Ke7 39. Qc5+ Kd7
40. h5 Qe5 41. Qc1 Ne7 42. Rg5 Qd6 43. Rb5 Bd5 44. Qg5 Bc6 45. Re5 Nxg6 46.
hxg6 Qxg6 47. Qe7+ Kc8 48. g3 Rh8 0-1

[Event "Elit(Eksjo-Rockaden, Umea)"]
[Site "?"]
[Date "2006.11.19"]
[Round "5"]
[White "Malmstig, Erik"]
[Black "Vernersson, Per"]
[Result "1-0"]
[WhiteElo "2329"]
[BlackElo "2496"]
[PlyCount "51"]
[EventDate "2006.??.??"]
[SourceDate "2006.11.28"]

1. e4 c6 2. f4 d5 3. e5 c5 4. d3 Nc6 5. g3 f6 6. Bg2 e6 7. Nf3 Nh6 8. O-O fxe5
9. Nxe5 Nxe5 10. fxe5 Nf7 11. Qf3 Nxe5 12. Qh5+ Ng6 13. c4 Be7 14. Be3 d4 15.
Bd2 Bf6 16. Qxc5 Qe7 17. Qb5+ Qd7 18. Qh5 O-O 19. Be4 Rf7 20. Bb4 Rb8 21. Nd2
b5 22. c5 Bb7 23. Bxg6 hxg6 24. Qxg6 Bc6 25. Ne4 Qd5 26. Rxf6 1-0

[Event "Elit(Eksjo-Rockaden, Umea)"]
[Site "?"]
[Date "2006.11.19"]
[Round "5"]
[White "Schussler, Harry"]
[Black "Lindgren, Fredrik"]
[Result "1-0"]
[WhiteElo "2449"]
[BlackElo "2290"]
[PlyCount "53"]
[EventDate "2006.??.??"]

1. d4 Nf6 2. Nf3 e6 3. c4 c5 4. d5 a6 5. Bg5 b5 6. e4 Be7 7. d6 Bf8 8. e5 h6 9.
Bc1 Ne4 10. Bd3 Qa5+ 11. Nbd2 Bb7 12. O-O f5 13. Nh4 Nxd6 14. exd6 Bxd6 15. Ng6
Rg8 16. Qh5 Kd8 17. Nb3 Qb6 18. Qh4+ Kc7 19. Bf4 e5 20. Bxe5 Bxe5 21. Nxe5 g5
22. Qh5 Qd6 23. Rfe1 Nc6 24. Nxc6 Qxc6 25. Bf1 Qf6 26. Nxc5 Bc6 27. Nxa6+ 1-0

[Event "Elit(Eksjo-Rockaden, Umea)"]
[Site "?"]
[Date "2006.11.19"]
[Round "5"]
[White "Forsberg, Viktor"]
[Black "Ornstein, Axel"]
[Result "0-1"]
[WhiteElo "2267"]
[BlackElo "2422"]
[PlyCount "114"]
[EventDate "2006.??.??"]

1. c4 Nf6 2. g3 c6 3. Bg2 d5 4. Nf3 Bg4 5. Ne5 Bf5 6. cxd5 cxd5 7. Qa4+ Nbd7 8.
Nc3 e6 9. g4 Bg6 10. h4 Bc2 11. Qxc2 Nxe5 12. g5 Nfd7 13. d4 Nc6 14. e3 Nb6 15.
a3 Qd7 16. f4 O-O-O 17. Bd2 Kb8 18. b3 f6 19. O-O e5 20. Ne2 Qg4 21. Be1 h6 22.
gxf6 gxf6 23. Kh2 exd4 24. Bf3 Qd7 25. Nxd4 Nxd4 26. exd4 Bd6 27. Bh5 Rhg8 28.
Ra2 Rc8 29. Qd3 Rc1 30. Bd1 Nc8 31. Qd2 Rc7 32. Qd3 Ne7 33. Rc2 Qf5 34. Qd2 Nc6
35. b4 Rcg7 36. b5 Nd8 37. Rc3 Ne6 38. Bg3 Nc7 39. Be2 Qd7 40. Rb3 Ne8 41. Bh5
f5 42. Bxe8 Rxe8 43. Re1 Re4 44. Rxe4 fxe4 45. b6 axb6 46. Rxb6 Qc7 47. Rb3 Rf7
48. f5 Rxf5 49. Kg2 Bxg3 50. Rxg3 Rf6 51. Qb4 Qf7 52. Qd2 Rg6 53. Rxg6 Qxg6+
54. Kf2 Qf6+ 55. Kg3 Qf3+ 56. Kh2 e3 57. Qa5 Qf6 0-1

[Event "Elit(Eksjo-Rockaden, Umea)"]
[Site "?"]
[Date "2006.11.19"]
[Round "5"]
[White "Miskulin, Dennis"]
[Black "Eriksson, Jorgen"]
[Result "1-0"]
[WhiteElo "2272"]
[BlackElo "2265"]
[PlyCount "81"]
[EventDate "2006.??.??"]

1. e4 e6 2. d4 d5 3. Nc3 Nf6 4. e5 Nfd7 5. f4 c5 6. Nf3 Nc6 7. Be3 a6 8. Qd2 b5
9. dxc5 Bxc5 10. Bxc5 Nxc5 11. O-O-O O-O 12. Bd3 f6 13. Rhe1 b4 14. Ne2 fxe5
15. fxe5 Qe7 16. Kb1 Bd7 17. Ned4 Nxd4 18. Nxd4 a5 19. Qe3 Rac8 20. Rf1 Rxf1
21. Rxf1 Rf8 22. Rxf8+ Qxf8 23. Qf3 Qxf3 24. Nxf3 h6 25. b3 Kf7 26. Kc1 Ke7 27.
Kd2 Be8 28. Ke3 Bh5 29. Nd4 Kd7 30. g3 Kc7 31. Bf1 Bg6 32. Be2 Kd7 33. Bg4 Bh7
34. Bh3 a4 35. bxa4 Nxa4 36. Bxe6+ Kc7 37. Bxd5 Nc3 38. Bb3 Kb6 39. Ne6 Kc6 40.
Nxg7 Bg6 41. Ne6 1-0

[Event "Elit(Eksjo-Rockaden, Umea)"]
[Site "?"]
[Date "2006.11.19"]
[Round "5"]
[White "Thornert, Hakan"]
[Black "Engman, Rickard"]
[Result "0-1"]
[WhiteElo "2232"]
[BlackElo "2199"]
[PlyCount "68"]
[EventDate "2006.??.??"]

1. e4 e5 2. f4 exf4 3. Nf3 g5 4. h4 g4 5. Ne5 Nf6 6. d4 d6 7. Nd3 Nxe4 8. Bxf4
Bg7 9. c3 c5 10. dxc5 O-O 11. Nd2 Nxc5 12. Nb3 Re8+ 13. Be2 Ne4 14. Qc2 Bf5 15.
g3 Qb6 16. Rf1 Nc6 17. O-O-O Nf2 18. Rxf2 Qxf2 19. Nxf2 Bxc2 20. Rd2 Bf5 21.
Bxg4 Re1+ 22. Bd1 Be5 23. Nd3 Rg1 24. Nf2 Re8 25. Bxe5 Nxe5 26. Nd4 Bg6 27. g4
Nc4 28. Re2 Rxe2 29. Nxe2 Rf1 30. h5 Rxf2 31. hxg6 hxg6 32. Ng3 Nxb2 33. Bc2
Nc4 34. Bb3 d5 0-1

[Event "Elit(Eksjo-Rockaden, Umea)"]
[Site "?"]
[Date "2006.11.19"]
[Round "5"]
[White "Hammar, Ulf"]
[Black "de Verdier, Michael"]
[Result "0-1"]
[WhiteElo "2157"]
[BlackElo "2220"]
[PlyCount "64"]
[EventDate "2006.??.??"]

1. d4 e6 2. e4 d5 3. Nc3 Bb4 4. e5 c5 5. a3 Bxc3+ 6. bxc3 Ne7 7. h4 Nbc6 8. Nf3
Qa5 9. Bd2 c4 10. Ng5 O-O 11. Rh3 f6 12. Qh5 h6 13. Nf3 Bd7 14. Nh2 Be8 15. Qe2
fxe5 16. Ng4 Bg6 17. h5 Bf5 18. Rg3 Kh7 19. dxe5 Qc7 20. Bxh6 Bxg4 21. Qxg4
Qxe5+ 22. Re3 Qf6 23. Rxe6 Qxf2+ 24. Kd1 Qxf1+ 25. Re1 Qf6 26. Bg5 Qxc3 27.
Bxe7 Qxa1+ 28. Ke2 Qe5+ 29. Kd1 Qf5 30. Qg6+ Qxg6 31. hxg6+ Kxg6 32. Bxf8 Rxf8
0-1